| 000 | 00411cam a2200169ua 4500 | ||
|---|---|---|---|
| 020 | _c1.25 | ||
| 041 |
_amal _h |
||
| 082 |
_a894.812 308 _bPOT/SO |
||
| 100 | _aPottekkat, S K . | ||
| 245 |
_aSoviet diary / _cS K Pottekkat. _hTextual Documents |
||
| 260 |
_aThrissur : _bThe Mangalodayam Pvt Ltd , _c1958. |
||
| 300 | _a108 ; . | ||
| 365 | _a1.25 | ||
| 504 | _a | ||
| 942 | _cBK | ||
| 999 |
_c6358 _d6358 |
||